La gárgola viviente /
Nadie recordaba a quién había pertenecido la vieja casona donde ahora está la biblioteca. Tampoco nadie sabia por qué sus primitivos dueños habían decorado los techos con esa figura monstruosa. Lo cierto es que allí se ocultaba un enigma horroroso, que Lucas y Jazmín descubrieron casi por casualidad...
Guardado en:
| Autor Principal: | |
|---|---|
| Formato: | Libro |
| Idioma: | Spanish |
| Publicado: |
Buenos Aires :
Genios,
1999.
|
| Series: | Suspenso a la medianoche ;
8 |
| Materias: | |
| Etiquetas: |
Agregar Etiqueta
Sin Etiquetas, Sea el primero en etiquetar este registro!
|
| LEADER | 01063nam a22002175a 4500 | ||
|---|---|---|---|
| 001 | CEM.cems024285 | ||
| 008 | 240828s1999####ag############000#0#spa#d | ||
| 005 | 20240828171705.0 | ||
| 245 | 1 | 0 | |a La gárgola viviente / |c Allan P. Rice. |
| 260 | |a Buenos Aires : |b Genios, |c 1999. | ||
| 300 | |a 64 p. | ||
| 490 | 1 | |a Suspenso a la medianoche ; |v 8 | |
| 520 | |a Nadie recordaba a quién había pertenecido la vieja casona donde ahora está la biblioteca. Tampoco nadie sabia por qué sus primitivos dueños habían decorado los techos con esa figura monstruosa. Lo cierto es que allí se ocultaba un enigma horroroso, que Lucas y Jazmín descubrieron casi por casualidad. Y, casi por casualidad también, conocieron al anciano inquietante y misterioso cuya última lección no olvidarían jamás. | ||
| 020 | |a 950782054X | ||
| 100 | 1 | |a Rice, Allan P. | |
| 082 | 0 | 4 | |a 818.5 |
| 653 | |a Novela de terror | ||
| 653 | |a Novela juvenil | ||
| 653 | |a Literatura estadounidense | ||
| 653 | |a Novela estadounidense | ||
| 859 | |a CEMS |b BIB. CEMS - Inicial y Primaria |h 818.5 |i R36-4 |k IP |p 2327 |t Ej.1 | ||
